000 00312nam a22001337a 4500
008 170602b xxu||||| |||| 00| 0 eng d
020 _a9780691129280
041 _aeng
080 _a94
100 _a17
101 _aSHH
245 _aREBUILGING A STRATEGY AGAINST GLOBAL TERROR
_cSHAPIRO, I
942 _2udc
_cBK
999 _c15584
_d15584